000 00535nam a2200169 4500
999 _c4316
_d4316
008 160903b xxu||||| |||| 00| 0 eng d
022 _a2094-8042
082 _aDPer 370.105 M72 Jan-Dec 2012 v. 60-61
100 _914070
_aPesigan, Justo C.
243 _aThe modern teacher
245 _aAng ulap at sakahan/
_cJusto C. Pesigan.
260 _aPhilippines:
_bIn the Grade School, Inc.,
_c©2012.
300 _av61 n2, page 73:
_c28 cm.
500 _aThe Modern Teacher
650 0 _914071
_aPhilippine poetry
942 _2ddc
_cPER